| 000 | 00650nas a22002057a 4500 | ||
|---|---|---|---|
| 003 | NALT | ||
| 005 | 20211007145532.0 | ||
| 008 | 170828b xxu||||| |||| 00| 0 tha d | ||
| 022 | _a16861531 | ||
| 040 | _aNALT | ||
| 041 | 0 | _atha | |
| 245 | 1 | 0 | _aFine Art Magazine |
| 260 | 3 | _aกรุงเทพฯ | |
| 310 | _aรายเดือน | ||
| 500 | _aยุติการบอกรับในปีงบประมาณ พ.ศ. 2562 เป็นต้นมา | ||
| 850 | _aNALT | ||
| 866 | _aปีที่ 16 ฉบับที่ 132-135 (ม.ค.-ธ.ค. 2562) | ||
| 942 |
_cJNR _2lcc |
||
| 998 |
_b34 _d2016-09-12 16:25:08.257 _j755 _k จินตนา เอี่ยมคง |
||
| 999 |
_c91918 _d91918 |
||